Online
Catalog

El sentido masonico de la vida y la obra de Duarte / (Record no. 30818)

MARC details
000 -CABECERA
campo de control de longitud fija 00873nam a2200277 i 4500
001 - NÚMERO DE CONTROL
campo de control 000031326
003 - IDENTIFICADOR DEL NÚMERO DE CONTROL
campo de control DO-SdBNP
005 - FECHA Y HORA DE LA ÚLTIMA TRANSACCIÓN
campo de control 20241111133537.0
007 - CAMPO FIJO DE DESCRIPCIÓN FÍSICA--INFORMACIÓN GENERAL
campo de control de longitud fija ta
008 - DATOS DE LONGITUD FIJA--INFORMACIÓN GENERAL
campo de control de longitud fija 110620s1956 dr 000 | spa d
040 ## - FUENTE DE LA CATALOGACIÓN
Centro catalogador/agencia de origen DO-SdBNP
Lengua de catalogación spa
Centro/agencia transcriptor BNPHU
Normas de descripción rda
082 #4 - NÚMERO DE LA CLASIFICACIÓN DECIMAL DEWEY
Número de clasificación xxx
Número de documento/Ítem D812P
Número de edición 22
100 1# - ENTRADA PRINCIPAL--NOMBRE DE PERSONA
Nombre de persona Patín Veloz, Enrique
Término indicativo de función/relación autor
9 (RLIN) 3425
245 13 - MENCIÓN DE TÍTULO
Título El sentido masonico de la vida y la obra de Duarte /
Mención de responsabilidad, etc. Enrique Patín Veloz.
264 ## - PRODUCCIÓN, PUBLICACIÓN, DISTRIBUCIÓN, FABRICACIÓN Y COPYRIGHT
Producción, publicación, distribución, fabricación y copyright Santo Domingo :
Nombre del de productor, editor, distribuidor, fabricante Librería Dominicana,
Fecha de producción, publicación, distribución, fabricación o copyright 1956.
300 ## - DESCRIPCIÓN FÍSICA
Extensión 188 páginas ;
Dimensiones 18 cm.
336 ## - TIPO DE CONTENIDO
Término de tipo de contenido rdacontent
Código de tipo de contenido texto
Fuente txt
337 ## - TIPO DE MEDIO
Nombre/término del tipo de medio rdamedia
Código del tipo de medio sin mediación
Fuente n
338 ## - TIPO DE SOPORTE
Nombre/término del tipo de soporte rdacarrier
Código del tipo de soporte volumen
Fuente nc
490 1# - MENCIÓN DE SERIE
Mención de serie Renacimiento
500 ## - NOTA GENERAL
Nota general Incluye referencias bibliográficas y notas al pie de las páginas.
590 ## - NOTA LOCAL (RLIN)
Nota local Inventariado, 2022/BT
830 #0 - PUNTO DE ACCESO ADICIONAL DE SERIE-TÍTULO UNIFORME
Título uniforme Renacimiento
9 (RLIN) 39068
910 ## - DATOS DE OPCIÓN DEL USUARIO (OCLC)
Datos de opción del usuario BTavarez
942 ## - ELEMENTOS DE PUNTO DE ACCESO ADICIONAL (KOHA)
Fuente del sistema de clasificación o colocación Dewey Decimal Classification
Tipo de ítem Koha Libro
Holdings
Estado de retiro Estado de pérdida Fuente del sistema de clasificación o colocación Restricciones de uso No para préstamo Código de colección Localización permanente Ubicación/localización actual Ubicación en estantería Fecha de adquisición Signatura topográfica completa Código de barras Fecha visto por última vez Precio válido a partir de Tipo de ítem Koha Nota pública Fuente de adquisición Número de copia Total de préstamos
    Dewey Decimal Classification Préstamo restringido   Patrimonio Dominicano Raros y Valiosos Biblioteca Nacional Pedro Henríquez Ureña Biblioteca Nacional Pedro Henríquez Ureña En catalogación 20.06.2011 BNPHU PD-RV D812P 31326-10 25.06.2020 25.06.2020 Libro Perteneció a la biblioteca personal de Martínez Boog.      
    Dewey Decimal Classification Préstamo restringido   Patrimonio Dominicano Raros y Valiosos Biblioteca Nacional Pedro Henríquez Ureña Biblioteca Nacional Pedro Henríquez Ureña En catalogación 31.05.2022 BNPHU PD-RV D812P 2022-2496 31.05.2022 31.05.2022 Libro   Donación e.2  
    Dewey Decimal Classification Préstamo en sala   Dominicana de Servicio Biblioteca Nacional Pedro Henríquez Ureña Biblioteca Nacional Pedro Henríquez Ureña En catalogación 11.11.2024 BNPHU DS D812P 2024-6355 11.11.2024 11.11.2024 Libro Pertenecio a la biblioteca personal de Emilio Cordero Michel Donado por la Presidencia de la República Dominicana 2023 e.3  

Powered by Koha